Adivinhe a música da Taylor Swift sem dicas #13 - Statistics

Estatísticas Gerais
  • Esse quiz foi jogado 150 vezes
  • A pontuação média é 257 de 500
Estatísticas das Respostas
Resposta % Correto
I
99%
you
98%
You
98%
a
93%
the
93%
The
93%
me
92%
love
89%
love,
89%
be
87%
your
84%
my
83%
my,
83%
We
83%
we
83%
to
82%
an
80%
in
79%
In
79%
On
79%
on
79%
it
74%
It
74%
so
74%
So,
74%
is
73%
And
70%
and
70%
And,
70%
time
69%
Time
69%
was
69%
no
68%
were
67%
We're
67%
when
67%
that
66%
this
66%
by
63%
mine
63%
of
63%
for
61%
all
58%
have
58%
know
57%
At
56%
don't
56%
Don't
56%
like
53%
There
53%
would
53%
been
52%
I'm
52%
us
52%
life,
50%
life
50%
way
49%
did
48%
if
48%
just
48%
"Oh
48%
said,
48%
said
48%
say,
48%
they
48%
Down
47%
down
47%
But
46%
You're
46%
had
45%
head
45%
timeless
44%
timeless"
44%
timeless,
44%
night
43%
back
42%
it's
42%
as
40%
'Cause
40%
man
40%
one
40%
first
38%
mind
38%
our
38%
somethin'
38%
still
38%
read
37%
saw
37%
off
36%
walked
36%
would've
36%
let
34%
"Stop",
34%
every
33%
find
33%
made
33%
shop
33%
street
33%
there's
33%
war
33%
gonna
32%
home
32%
hair
30%
another
29%
block,
29%
even
29%
each"
28%
each
28%
house
28%
We'll
28%
eye
27%
"Photos:
27%
photos,
27%
photos
27%
box
26%
fight
26%
only
26%
antique
25%
different
25%
something
25%
that's
25%
That's
25%
those
25%
fell
24%
gray
24%
Story
24%
story
24%
1944
23%
die
23%
letters
23%
once
23%
other
23%
years
23%
believe
22%
face
22%
kind
22%
put
22%
away
21%
God
21%
marry
21%
single
21%
two
21%
always
20%
found
20%
met
20%
their
20%
turnin'
20%
25
19%
I'd
19%
old
19%
really
19%
about
18%
came
18%
crowded
18%
fine
18%
hands
18%
hard
18%
right
18%
room
18%
supposed
18%
these
18%
white,
18%
smile
17%
somehow,
17%
touch
17%
Black
16%
cents
16%
instead
16%
left
16%
soul
16%
things
16%
you'll
16%
1958
15%
ago,
15%
ago
15%
cardboard
15%
dance
15%
explain
15%
sign
15%
you'd
15%
behind
14%
lifetime
14%
turned
14%
counter
13%
"Hello"
13%
run
13%
same
13%
we'd
13%
body
12%
called
12%
comin'
12%
forced
12%
land
12%
lovers
12%
started
12%
thought
12%
brought
11%
headed
11%
porch
11%
breaks
10%
forgot
10%
prayed
10%
'30s
9%
book
9%
bride
9%
couple
9%
proof,
9%
short
9%
sometimes
9%
stood
9%
teenage
9%
we've
9%
Which
9%
apart
8%
caught
8%
classic
8%
fate
8%
few
8%
Holdin'
8%
laughin'
8%
lookin'
8%
romance
8%
age
7%
date
7%
driveway
7%
precious
7%
1500s
6%
cobwebs
6%
covered
6%
'round
6%
torn
6%
upon
6%
foreign
5%
kinda
5%
Hundreds
3%
Nenhum quiz correspondente encontrado
Distribuição das Pontuações
Porcentagem de Pessoas com Cada Pontuação
Percentil de Números Respondidos
Sua Pontuação Histórica
Você não jogou esse quiz